Central Library OPAC University of Rajshahi

In search of the truth / (Record no. 65510)

MARC details
000 -LEADER
fixed length control field 00550nam a2200205 a 4500
001 - CONTROL NUMBER
control field 65510
003 - CONTROL NUMBER IDENTIFIER
rucl marc code BD-RjUL
005 - DATE AND TIME OF LATEST TRANSACTION
control field 20211209081432.0
008 - FIXED-LENGTH DATA ELEMENTS--GENERAL INFORMATION
fixed length control field 170307s1993 xx 000 0 und d
035 ## - SYSTEM CONTROL NUMBER
System control number (BD-RjUL)65640
040 ## - CATALOGING SOURCE
Original cataloging agency EQO
Transcribing agency EQO
Language of cataloging eng
Modifying agency BD-RjUL
041 ## - LANGUAGE CODE
Language code of text/sound track or separate title eng
082 ## - DEWEY DECIMAL CLASSIFICATION NUMBER
Edition number 23
Classification number 121
Author mark and year HAI 1993
245 00 - TITLE STATEMENT
Title In search of the truth /
Statement of responsibility, etc. Sk. Md. Abdul Hayee
260 ## - PUBLICATION, DISTRIBUTION, ETC. (IMPRINT)
Place of publication, distribution, etc. Dhaka :
Name of publisher, distributor, etc. CHowkash,
Date of publication, distribution, etc. 1993
300 ## - PHYSICAL DESCRIPTION
Pagination 228 p. ;
Size 22 cm.
650 ## - SUBJECT ADDED ENTRY--TOPICAL TERM
Topical term or geographic name as entry element Palmistry
General subdivision Service stations
9 (RLIN) 193855
Topical term or geographic name as entry element Artists' books
9 (RLIN) 193856
942 ## - ADDED ENTRY ELEMENTS (KOHA)
Source of classification or shelving scheme Dewey Decimal Classification
Koha item type Books
Holdings
Lost status Source of classification or shelving scheme Damaged status Not for loan Collection code Permanent Location Current Location Shelving location Date acquired Source of acquisition Cost, normal purchase price Total Checkouts Full call number Date last seen Copy number Koha item type
  Dewey Decimal Classification   Not For Loan Non-fiction Central Library, University of Rajshahi Central Library, University of Rajshahi Reading Room 05/06/1996 Karim International 90.00   121 HAI 1993 07/03/2017 C-1 Books